[Event "SW Oberhausen 1 - SV Sterkrade-Nord 2"]
[Site "Verbandsklasse - Gruppe 3 202"]
[Date "2021.10.24"]
[Round "1.6"]
[White "Boecker, Juergen"]
[Black "Schocke, Mark"]
[Result "1/2-1/2"]
[WhiteElo "1829"]
[BlackElo "1712"]
[PlyCount "94"]
[EventDate "2021.??.??"]
[WhiteTeam "SW Oberhausen 1"]
[BlackTeam "SV Sterkrade-Nord 2"]

1. g4 d5 2. Bg2 c6 3. g5 e5 4. d4 Nd7 5. h4 Qb6 6. e3 Bb4+ 7. c3 Bd6 8. Nd2 Nf8
9. dxe5 Bxe5 10. Ngf3 Bc7 11. Nb3 h6 12. Qd4 Ne6 13. Qxb6 axb6 14. Nbd4 Nc5 15.
b4 Ne4 16. Bb2 hxg5 17. Nxg5 Ngf6 18. Nxe4 dxe4 19. a3 Bd7 20. c4 O-O-O 21. Ne2
Be6 22. Rc1 Rd3 23. Nd4 Bg4 24. Bf1 c5 25. Nb5 Rhd8 26. Bxd3 exd3 27. O-O d2
28. Rcd1 Be2 29. Nxc7 Kxc7 30. Bxf6 gxf6 31. f3 cxb4 32. axb4 Bxf1 33. Kxf1 Rh8
34. Rxd2 Rxh4 35. Rd4 Rh1+ 36. Ke2 Rb1 37. b5 Rg1 38. Rf4 Rg6 39. Kd3 Kd6 40.
Kd4 Rh6 41. Rf5 Ke6 42. e4 Rh1 43. Rd5 Rd1+ 44. Kc3 Rc1+ 45. Kb3 Rf1 46. Rf5
Rc1 47. Rd5 Rf1 1/2-1/2

[Event "SW Oberhausen 1 - SV Sterkrade-Nord 2"]
[Site "Verbandsklasse - Gruppe 3 202"]
[Date "2021.10.24"]
[Round "1.7"]
[White "Wachsmuth, Guenter"]
[Black "Hufnagel, Markus"]
[Result "1/2-1/2"]
[WhiteElo "1670"]
[BlackElo "1632"]
[PlyCount "100"]
[EventDate "2021.??.??"]
[WhiteTeam "SV Sterkrade-Nord 2"]
[BlackTeam "SW Oberhausen 1"]

1. e4 c5 2. Nf3 Nc6 3. c3 d5 4. exd5 Qxd5 5. Na3 a6 6. Be2 Nf6 7. Nc4 Rb8 8.
Nb6 Qd8 9. Nxc8 Rxc8 10. O-O e6 11. a4 Be7 12. d3 O-O 13. Bf4 Nh5 14. Be3 e5
15. Nd2 Nf4 16. Ne4 b6 17. g3 Nd5 18. Nd2 f5 19. Nc4 b5 20. axb5 axb5 21. Na3
b4 22. cxb4 Ndxb4 23. Nc4 Kh8 24. Ra3 f4 25. Bd2 Qc7 26. Bf3 Nd4 27. Bxb4 cxb4
28. Ra5 fxg3 29. fxg3 Nxf3+ 30. Rxf3 Rxf3 31. Qxf3 Rf8 32. Qe2 Bc5+ 33. Kg2 h6
34. Qe4 Bd4 35. Ra8 Rxa8 36. Qxa8+ Kh7 37. Qe4+ Kg8 38. b3 Qf7 39. Qf3 Qc7 40.
g4 Qa7 41. Qd5+ Qf7 42. Qxf7+ Kxf7 43. Kf3 Ke6 44. Ke4 Bc3 45. h4 Bd4 46. h5
Bc3 47. Ne3 Bd2 48. Nf5 Kf6 49. Nd6 Ke6 50. Nc4 Bc3 1/2-1/2

[Event "SW Oberhausen 1 - SV Sterkrade-Nord 2"]
[Site "Verbandsklasse - Gruppe 3 202"]
[Date "2021.10.24"]
[Round "1.8"]
[White "Schulz, Marcus"]
[Black "Horn, Stefan"]
[Result "1/2-1/2"]
[WhiteElo "1709"]
[BlackElo "1853"]
[Annotator "danie"]
[PlyCount "87"]
[EventDate "2021.??.??"]
[WhiteTeam "SW Oberhausen 1"]
[BlackTeam "SV Sterkrade-Nord 2"]

1. d4 Nf6 2. Nf3 c5 3. e3 e6 4. c3 Be7 5. Bd3 O-O 6. O-O a6 7. Nbd2 b5 8. h3
Bb7 9. e4 d6 10. Qe2 Re8 11. e5 dxe5 12. dxe5 Nfd7 13. Ne4 Nf8 14. Rd1 Nbd7 15.
a4 c4 16. Bc2 Qc7 17. Nd6 Bxd6 18. exd6 Qc6 19. Rd4 Nf6 20. Qe5 N8d7 21. Qg3 e5
22. Bh6 Nh5 23. Rg4 g6 24. Bxg6 hxg6 25. Rxg6+ fxg6 26. Qxg6+ Kh8 27. Qxh5 Qe4
28. Re1 Qh7 29. Ng5 Nf6 30. Qh4 Qg6 31. Bf8+ Nh7 32. Be7 Rxe7 33. dxe7 Qxg5 34.
Qxg5 Nxg5 35. Rxe5 Nxh3+ 36. gxh3 Bc6 37. Re6 Rg8+ 38. Kf1 Be8 39. Rxa6 bxa4
$11 40. f4 Kg7 41. Kf2 Kf7 42. Ra7 Kf6 43. Rc7 Bf7 44. Ra7 1/2-1/2

[Event "SC Gerthe - Werne 1 - SV Erkenschwick 2"]
[Site "Verbandsliga - Gruppe 1 2021/"]
[Date "2021.11.14"]
[Round "2.1"]
[White "Spriestersbach, Kai"]
[Black "Quast, Marcel"]
[Result "0-1"]
[WhiteElo "1941"]
[BlackElo "2259"]
[Annotator "daniel"]
[PlyCount "126"]
[EventDate "2021.??.??"]
[WhiteTeam "SV Erkenschwick 2"]
[BlackTeam "SC Gerthe - Werne 1"]

1. e4 e5 2. Nf3 d6 3. d4 exd4 4. Nxd4 Nf6 5. Nc3 Be7 6. g3 Nc6 7. Bg2 O-O 8.
O-O Bg4 9. Nde2 Qc8 10. f3 Bh3 11. g4 Bxg2 12. Kxg2 a6 13. Ng3 b5 14. g5 Nd7
15. Nd5 Qb7 16. Nf5 Rae8 17. b3 f6 18. Bb2 Bd8 19. Kh1 Nce5 20. f4 Ng6 21. Qf3
Rf7 22. e5 Qc8 23. exf6 Nxf6 24. Nxg7 Kxg7 25. Nxf6 Bxf6 26. Bxf6+ Kg8 27. Rae1
Rxe1 28. Rxe1 Qf5 29. Re8+ Rf8 30. Rxf8+ Kxf8 31. Qa8+ Kf7 32. Qc6 Nxf4 33.
Qxc7+ Kg6 34. Qc6 $11 Qe6 35. Bd4 Nd5 36. Bf2 Kxg5 37. c4 Qe4+ 38. Kg1 Qg4+ 39.
Kf1 Qd1+ 40. Be1 Ne3+ 41. Kf2 Ng4+ 42. Kf1 Nxh2+ 43. Kg2 Qxe1 44. Kxh2 Qe2+ 45.
Kg1 bxc4 46. bxc4 Qd1+ 47. Kf2 Qd2+ 48. Kg1 a5 49. Qc7 h6 50. a4 Kf4 51. Qf7+
Kg3 52. Qg6+ Qg5 53. Qd3+ Kh4+ 54. Kf2 Qe5 55. Kg2 h5 56. Qh3+ Kg5 57. Qd3 h4
58. Qd2+ Kf5 59. Qh6 Qg3+ 60. Kh1 h3 61. Qh5+ Kf4 62. Qf7+ Ke3 63. Qe6+ Kf2 0-1

[Event "SC Gerthe - Werne 1 - SV Erkenschwick 2"]
[Site "Verbandsliga - Gruppe 1 2021/"]
[Date "2021.11.14"]
[Round "2.2"]
[White "Brueggestraß, Volker"]
[Black "Henn, Marcus"]
[Result "1/2-1/2"]
[WhiteElo "1997"]
[BlackElo "1999"]
[PlyCount "40"]
[EventDate "2021.??.??"]
[WhiteTeam "SC Gerthe - Werne 1"]
[BlackTeam "SV Erkenschwick 2"]

1. e4 e5 2. Nf3 Nc6 3. Bc4 Nf6 4. d4 exd4 5. e5 d5 6. Bb5 Ne4 7. Nxd4 Bc5 8.
Be3 O-O 9. Nxc6 bxc6 10. Bxc5 Nxc5 11. Bxc6 Rb8 12. O-O Rxb2 13. Bxd5 Ba6 14.
Re1 Nd3 15. cxd3 Qxd5 16. Nc3 Qd4 17. Ne4 Rd8 18. Rc1 Bxd3 19. Qf3 Bxe4 20.
Rxe4 Qb6 1/2-1/2

[Event "SC Gerthe - Werne 1 - SV Erkenschwick 2"]
[Site "Verbandsliga - Gruppe 1 2021/"]
[Date "2021.11.14"]
[Round "2.5"]
[White "Schulze Bisping, Franz-Adolf"]
[Black "Boost, Juergen"]
[Result "1-0"]
[WhiteElo "1938"]
[BlackElo "1805"]
[PlyCount "53"]
[EventDate "2021.??.??"]
[WhiteTeam "SV Erkenschwick 2"]
[BlackTeam "SC Gerthe - Werne 1"]

1. d4 d5 2. c4 e6 3. Nc3 Nf6 4. Bg5 Be7 5. e3 O-O 6. cxd5 Nxd5 7. Bxe7 Qxe7 8.
Nxd5 exd5 9. Rc1 Be6 10. Nf3 b6 11. Bd3 h6 12. O-O Rc8 13. Re1 c5 14. e4 Qb7
15. b3 Nd7 16. Qe2 dxe4 17. Bxe4 Bd5 18. Bxd5 Qxd5 19. dxc5 Nxc5 20. Rcd1 Qb7
21. Nd4 a6 22. Nf5 Rd8 23. Qg4 Ne6 24. Nxh6+ Kf8 25. Nf5 Rd7 26. Rxd7 Qxd7 27.
Nxg7 1-0

[Event "SC Gerthe - Werne 1 - SV Erkenschwick 2"]
[Site "Verbandsliga - Gruppe 1 2021/"]
[Date "2021.11.14"]
[Round "2.6"]
[White "Meise, Ulrich"]
[Black "Strohmann, Marcel"]
[Result "1/2-1/2"]
[WhiteElo "1771"]
[BlackElo "1893"]
[PlyCount "91"]
[EventDate "2021.??.??"]
[WhiteTeam "SC Gerthe - Werne 1"]
[BlackTeam "SV Erkenschwick 2"]

1. e4 Nf6 2. Nc3 d5 3. exd5 Nxd5 4. d4 Bf5 5. Nxd5 Qxd5 6. Nf3 Nc6 7. c3 O-O-O
8. Be3 e5 9. Qb3 exd4 10. Qxd5 Rxd5 11. Nxd4 Nxd4 12. Bxd4 c5 13. Bc4 Rd7 14.
Be3 Bd3 15. Bxd3 Rxd3 16. Ke2 Rd7 17. b4 cxb4 18. cxb4 Bxb4 19. Bxa7 Re8+ 20.
Be3 f5 21. g3 g5 22. Rhc1+ Kb8 23. Kf1 Bd2 24. Rd1 Red8 25. Bb6 Rc8 26. a4 Rc6
27. a5 Rcd6 28. Ra2 Bb4 29. Rxd6 Rxd6 30. Re2 Rd1+ 31. Kg2 Re1 32. Rb2 Re4 33.
f3 Rc4 34. Re2 Kc8 35. Re5 Rc2+ 36. Kh3 g4+ 37. fxg4 fxg4+ 38. Kxg4 Rxh2 39.
Re8+ Kd7 40. Rb8 Kc6 41. Rc8+ Kb5 42. Rc7 Ka6 43. Rf7 h5+ 44. Kf3 h4 45. Rf4
Be1 46. gxh4 1/2-1/2

[Event "SC Gerthe - Werne 1 - SV Erkenschwick 2"]
[Site "Verbandsliga - Gruppe 1 2021/"]
[Date "2021.11.14"]
[Round "2.7"]
[White "Al Marawi, Abdulhadi"]
[Black "Al Zoubi, Ahmad"]
[Result "1-0"]
[WhiteElo "1826"]
[BlackElo "1713"]
[PlyCount "75"]
[EventDate "2021.??.??"]
[WhiteTeam "SV Erkenschwick 2"]
[BlackTeam "SC Gerthe - Werne 1"]

1. e4 c5 2. Nf3 Nc6 3. Bb5 g6 4. c3 Bg7 5. O-O Qc7 6. d4 Nh6 7. h3 a6 8. Ba4 b5
9. Bb3 c4 10. Bc2 Bb7 11. Bg5 O-O 12. Qd2 f5 13. Bxh6 f4 14. Bxg7 Kxg7 15. d5
Ne5 16. Nxe5 Qxe5 17. Qd4 d6 18. Nd2 Qxd4 19. cxd4 Rac8 20. Rac1 a5 21. Nf3 h6
22. Bd1 Rc7 23. Be2 Ba6 24. Rc2 Rfc8 25. Rfc1 a4 26. a3 g5 27. Ne1 Rb8 28. g3
Rf8 29. Rc3 Bb7 30. Bg4 Rf6 31. Bf5 Bxd5 32. gxf4 Bxe4 33. Bxe4 Rxf4 34. Re3 h5
35. Ng2 Rf6 36. Rce1 e6 37. R1e2 Rcf7 38. Bc6 1-0

[Event "SC Gerthe - Werne 1 - SV Erkenschwick 2"]
[Site "Verbandsliga - Gruppe 1 2021/"]
[Date "2021.11.14"]
[Round "2.8"]
[White "Steinke, Matthias"]
[Black "Broksch, Dirk"]
[Result "0-1"]
[WhiteElo "1750"]
[BlackElo "1852"]
[PlyCount "82"]
[EventDate "2021.??.??"]
[WhiteTeam "SC Gerthe - Werne 1"]
[BlackTeam "SV Erkenschwick 2"]

1. d4 Nf6 2. c4 d6 3. Nc3 g6 4. e4 Bg7 5. f4 O-O 6. Nf3 Bg4 7. Be2 Nbd7 8. O-O
Bxf3 9. Bxf3 e5 10. fxe5 dxe5 11. d5 Qe7 12. Be3 Nb6 13. Qe2 Qb4 14. Bxb6 axb6
15. a3 Qc5+ 16. Kh1 Ne8 17. b4 Qe7 18. Qe3 Nd6 19. Be2 f5 20. c5 bxc5 21. bxc5
Nxe4 22. Nxe4 fxe4 23. Bg4 h5 24. Be6+ Kh7 25. Qxe4 Qxc5 26. Bf7 Ra6 27. h3 Qd4
28. Qxd4 exd4 29. Be6 d3 30. Rxf8 Bxf8 31. Bd7 Rxa3 32. Rxa3 Bxa3 33. Ba4 Bc5
34. g3 Kg7 35. Kg2 Kf6 36. Kf3 Ke5 37. Bb3 g5 38. Bc4 Kd4 39. Bb3 Kc3 40. Ba4
Kd4 41. Bb3 b5 0-1

[Event "Sport Union Annen 1 - SV Waltrop 1"]
[Site "Verbandsliga - Gruppe 1 2021/"]
[Date "2021.11.14"]
[Round "2.1"]
[White "Gasper, Joern"]
[Black "Wicht, Juergen"]
[Result "1-0"]
[WhiteElo "2084"]
[BlackElo "2018"]
[PlyCount "37"]
[EventDate "2021.??.??"]
[WhiteTeam "SV Waltrop 1"]
[BlackTeam "Sport Union Annen 1"]

1. d4 Nf6 2. Nf3 e6 3. Bf4 b6 4. e3 Bb7 5. Nbd2 Ne4 6. Nxe4 Bxe4 7. Ng5 Bg6 8.
Qf3 d5 9. Bd3 Bb4+ 10. c3 Bxd3 11. Nxf7 Qf6 12. Nxh8 Bd6 13. Qh5+ g6 14. Qxh7
Bxf4 15. Qg8+ Qf8 16. Qxe6+ Qe7 17. Qc8+ Qd8 18. Qxd8+ Kxd8 19. exf4 1-0

[Event "Sport Union Annen 1 - SV Waltrop 1"]
[Site "Verbandsliga - Gruppe 1 2021/"]
[Date "2021.11.14"]
[Round "2.2"]
[White "Mainka, Gregor"]
[Black "Atali, Dogukan"]
[Result "1-0"]
[WhiteElo "2121"]
[BlackElo "1921"]
[PlyCount "41"]
[EventDate "2021.??.??"]
[WhiteTeam "Sport Union Annen 1"]
[BlackTeam "SV Waltrop 1"]

1. Nf3 Nf6 2. g3 g6 3. b3 Bg7 4. Bb2 O-O 5. Bg2 d6 6. d4 Nc6 7. d5 Na5 8. c4 c5
9. O-O a6 10. Nc3 b5 11. cxb5 axb5 12. Nxb5 Qb6 13. Na3 c4 14. Bd4 Qb4 15. Nc2
Qb5 16. b4 Nb7 17. Nd2 c3 18. Bxc3 Nxd5 19. Bxg7 Kxg7 20. a4 Qc6 21. b5 1-0

[Event "Sport Union Annen 1 - SV Waltrop 1"]
[Site "Verbandsliga - Gruppe 1 2021/"]
[Date "2021.11.14"]
[Round "2.3"]
[White "Winterberg, Andreas"]
[Black "Al Ali, Mohammad"]
[Result "1-0"]
[WhiteElo "1978"]
[BlackElo "1858"]
[PlyCount "87"]
[EventDate "2021.??.??"]
[WhiteTeam "SV Waltrop 1"]
[BlackTeam "Sport Union Annen 1"]

1. e4 c5 2. Nf3 Nc6 3. Bb5 g6 4. O-O Bg7 5. Re1 d6 6. Bxc6+ bxc6 7. d3 Rb8 8.
Nc3 Qc7 9. h3 e5 10. Rb1 Ne7 11. Be3 O-O 12. Qd2 f5 13. exf5 Nxf5 14. Ne4 Nxe3
15. Qxe3 Qe7 16. Nfd2 Rf4 17. Nxc5 Bh6 18. Ncb3 Rh4 19. Qf3 Bb7 20. Ne4 Rf8 21.
Qe2 Rhf4 22. Rf1 d5 23. Ng3 Bg5 24. Rbe1 Bh4 25. Nh1 Bf6 26. Qe3 d4 27. Qxf4
exf4 28. Rxe7 Bxe7 29. Nxd4 Rf6 30. Re1 Kf7 31. Kf1 c5 32. Nb3 f3 33. g4 Bd6
34. Nd2 Rf4 35. Ng3 h5 36. gxh5 gxh5 37. Nde4 Be7 38. Nxh5 Rh4 39. Nhg3 Bc8 40.
Re3 Bxh3+ 41. Ke1 Bg4 42. Nd2 Bf6 43. Nxf3 Rh3 44. Ne5+ 1-0

[Event "Sport Union Annen 1 - SV Waltrop 1"]
[Site "Verbandsliga - Gruppe 1 2021/"]
[Date "2021.11.14"]
[Round "2.4"]
[White "Dahlbeck, Mirko"]
[Black "Drewes, Martin"]
[Result "1-0"]
[WhiteElo "1879"]
[BlackElo "1954"]
[PlyCount "45"]
[EventDate "2021.??.??"]
[WhiteTeam "Sport Union Annen 1"]
[BlackTeam "SV Waltrop 1"]

1. e4 e5 2. Nf3 Nc6 3. d4 exd4 4. c3 dxc3 5. Nxc3 d6 6. Bc4 Nf6 7. Ng5 Ne5 8.
Bb3 h6 9. f4 hxg5 10. fxe5 Bg4 11. Qd4 c5 12. Qd2 dxe5 13. Qxg5 Rh5 14. Qe3 Qc7
15. Rf1 c4 16. Ba4+ Bd7 17. Bxd7+ Qxd7 18. Bd2 Bb4 19. O-O-O Qd4 20. Qg3 Bxc3
21. Bxc3 Qb6 22. Qxg7 Ke7 23. Bb4+ 1-0

[Event "Sport Union Annen 1 - SV Waltrop 1"]
[Site "Verbandsliga - Gruppe 1 2021/"]
[Date "2021.11.14"]
[Round "2.5"]
[White "Breidenbach, Rolf"]
[Black "Herrmann, Uwe"]
[Result "1-0"]
[WhiteElo "1937"]
[BlackElo "1855"]
[PlyCount "71"]
[EventDate "2021.??.??"]
[WhiteTeam "SV Waltrop 1"]
[BlackTeam "Sport Union Annen 1"]

1. d4 Nf6 2. Bf4 g6 3. Nc3 d5 4. e3 Nh5 5. Bg5 h6 6. Bh4 Bg7 7. Be2 Nf6 8. Nf3
O-O 9. h3 Nbd7 10. Bg3 c6 11. O-O b6 12. a4 Bb7 13. Ne5 Nxe5 14. Bxe5 Nd7 15.
Bxg7 Kxg7 16. Bf3 f5 17. Ne2 Nf6 18. Nf4 Qd6 19. Rc1 g5 20. Nd3 Ba6 21. Re1
Bxd3 22. cxd3 Rac8 23. e4 fxe4 24. dxe4 dxe4 25. Bxe4 Nxe4 26. Rxe4 Rf4 27. Qe2
Rxe4 28. Qxe4 Rc7 29. Re1 Rd7 30. h4 Qxd4 31. Qxc6 gxh4 32. Qe6 Qxa4 33. b3 Qd4
34. Qf5 Rc7 35. Re6 Qd1+ 36. Kh2 1-0

[Event "Sport Union Annen 1 - SV Waltrop 1"]
[Site "Verbandsliga - Gruppe 1 2021/"]
[Date "2021.11.14"]
[Round "2.6"]
[White "Jeschke, Holger"]
[Black "Schmidt, Sebastian"]
[Result "0-1"]
[WhiteElo "1895"]
[BlackElo "1768"]
[PlyCount "58"]
[EventDate "2021.??.??"]
[WhiteTeam "Sport Union Annen 1"]
[BlackTeam "SV Waltrop 1"]

1. b4 e5 2. Bb2 Bxb4 3. f4 d5 4. Bxe5 Nf6 5. Nf3 Nc6 6. Bb2 O-O 7. g3 Re8 8.
Bg2 Ne4 9. O-O Bg4 10. c3 Ba5 11. d3 Nd6 12. Na3 Nf5 13. Nc2 Qe7 14. Re1 Bxc3
15. Bxc3 Qc5+ 16. Kh1 Qxc3 17. Rb1 b6 18. Rb3 Qc5 19. Qd2 Qd6 20. e4 Bxf3 21.
Bxf3 Nfd4 22. Nxd4 Nxd4 23. Qd1 Nxb3 24. e5 Qb4 25. axb3 c6 26. Re2 a5 27. Qc2
Qb5 28. f5 a4 29. bxa4 Rxa4 0-1

[Event "Sport Union Annen 1 - SV Waltrop 1"]
[Site "Verbandsliga - Gruppe 1 2021/"]
[Date "2021.11.14"]
[Round "2.7"]
[White "Sehrbrock, Christoph"]
[Black "Weier, Daniel"]
[Result "1-0"]
[WhiteElo "1832"]
[BlackElo "1802"]
[PlyCount "27"]
[EventDate "2021.??.??"]
[WhiteTeam "SV Waltrop 1"]
[BlackTeam "Sport Union Annen 1"]

1. e4 c5 2. Nf3 d6 3. c3 g6 4. d4 b6 5. dxc5 dxc5 6. Bb5+ Bd7 7. Qd5 Bxb5 8.
Qxa8 Qc7 9. Qd5 Nf6 10. Qb3 Qc6 11. Nbd2 Nxe4 12. Ne5 Qf6 13. Qxb5+ Kd8 14.
Nxf7+ 1-0

[Event "Sport Union Annen 1 - SV Waltrop 1"]
[Site "Verbandsliga - Gruppe 1 2021/"]
[Date "2021.11.14"]
[Round "2.8"]
[White "Helbig, Dieter"]
[Black "Neumann, Robert"]
[Result "0-1"]
[WhiteElo "1591"]
[BlackElo "1822"]
[PlyCount "72"]
[EventDate "2021.??.??"]
[WhiteTeam "Sport Union Annen 1"]
[BlackTeam "SV Waltrop 1"]

1. d4 Nf6 2. Nf3 c5 3. e3 g6 4. c4 Bg7 5. Nc3 O-O 6. Bd3 cxd4 7. exd4 d5 8. h3
Nc6 9. O-O Nb4 10. Bb1 dxc4 11. Qa4 a5 12. a3 Bd7 13. Qd1 Nbd5 14. Ne5 b5 15.
Qf3 Nxc3 16. bxc3 Be6 17. Bf4 Qd5 18. Qe2 Qb7 19. Bc2 Bd5 20. f3 Ra6 21. Rab1
Rb6 22. Bd2 Nd7 23. Nxd7 Qxd7 24. Rfe1 Re6 25. Qf2 Rxe1+ 26. Qxe1 Re8 27. Bf4
Bc6 28. Rd1 Bf8 29. Be4 e6 30. Ra1 Bd6 31. Qg3 e5 32. Bxe5 Bxe5 33. Bxc6 Bxd4+
34. cxd4 Qxc6 35. Qf2 Qd6 36. Qb2 b4 0-1

[Event "Dortmunder SV 1 - SF Essen-Katernberg  "]
[Site "Verbandsliga - Gruppe 1 2021/"]
[Date "2021.11.14"]
[Round "2.1"]
[White "Rosen, Willy"]
[Black "Zeldin, Leonid"]
[Result "1-0"]
[WhiteElo "2114"]
[BlackElo "2058"]
[PlyCount "82"]
[EventDate "2021.??.??"]
[WhiteTeam "SF Essen-Katernberg  3"]
[BlackTeam "Dortmunder SV 1"]

1. e4 g6 2. d4 Bg7 3. Nc3 c5 4. dxc5 Qa5 5. Bd3 Bxc3+ 6. bxc3 Qxc3+ 7. Bd2 Qxc5
8. Rb1 Nc6 9. Nf3 Nf6 10. Rb5 Qa3 11. e5 Nh5 12. Qa1 O-O 13. O-O a6 14. Rb3 Qa4
15. c4 b5 16. Rc1 Bb7 17. Qb2 b4 18. Bxb4 Rab8 19. Rb1 Nf4 20. Bf1 Ba8 21. Bxe7
Nxe7 22. Rxb8 Bxf3 23. Rxf8+ Kxf8 24. gxf3 Qc6 25. Qb7 Qe6 26. Qe4 g5 27. Qxh7
Qxe5 28. Qh6+ Kg8 29. Qxa6 Neg6 30. Qc8+ Kg7 31. Qxd7 Ne2+ 32. Bxe2 Qxe2 33.
Qd4+ Kh6 34. Qf6 Qxc4 35. Rb7 Qc1+ 36. Kg2 g4 37. fxg4 Qc4 38. Rb3 Qxg4+ 39.
Rg3 Qe4+ 40. Kh3 Qc4 41. Rxg6+ fxg6 1-0

[Event "Dortmunder SV 1 - SF Essen-Katernberg  "]
[Site "Verbandsliga - Gruppe 1 2021/"]
[Date "2021.11.14"]
[Round "2.2"]
[White "Canzler, Harald"]
[Black "Geerlings, Gerd"]
[Result "1/2-1/2"]
[WhiteElo "1953"]
[BlackElo "2022"]
[PlyCount "37"]
[EventDate "2021.??.??"]
[WhiteTeam "Dortmunder SV 1"]
[BlackTeam "SF Essen-Katernberg  3"]

1. c4 Nf6 2. Nc3 g6 3. g3 Bg7 4. Bg2 O-O 5. e4 d6 6. Nge2 e5 7. O-O Nc6 8. d3
a6 9. b3 Nd4 10. Nxd4 exd4 11. Ne2 c5 12. f4 Rb8 13. g4 b5 14. f5 Nd7 15. g5
Be5 16. f6 bxc4 17. dxc4 Re8 18. Qe1 Re6 19. Qh4 1/2-1/2

[Event "Dortmunder SV 1 - SF Essen-Katernberg  "]
[Site "Verbandsliga - Gruppe 1 2021/"]
[Date "2021.11.14"]
[Round "2.3"]
[White "Krüger, Erich"]
[Black "Alarand, Beshr"]
[Result "0-1"]
[WhiteElo "2043"]
[BlackElo "1929"]
[PlyCount "53"]
[EventDate "2021.??.??"]
[WhiteTeam "SF Essen-Katernberg  3"]
[BlackTeam "Dortmunder SV 1"]

1. d4 Nf6 2. c4 e6 3. Nc3 Bb4 4. e3 c5 5. Nge2 O-O 6. a3 Bxc3+ 7. Nxc3 cxd4 8.
exd4 d5 9. c5 Nc6 10. Be2 e5 11. dxe5 Nxe5 12. Bg5 Be6 13. O-O d4 14. Ne4 d3
15. Bh5 Bf5 16. Bxf6 gxf6 17. Nd6 Qd7 18. f4 Nc4 19. Nxc4 Qd4+ 20. Rf2 Qxc4 21.
Rc1 Qd4 22. Qd2 Rfe8 23. Bf3 Re3 24. Bxb7 Re2 25. Qxe2 dxe2 26. Bf3 Re8 27. Re1
0-1

[Event "Dortmunder SV 1 - SF Essen-Katernberg  "]
[Site "Verbandsliga - Gruppe 1 2021/"]
[Date "2021.11.14"]
[Round "2.4"]
[White "Wolff, Torsten"]
[Black "Gallas, Noel"]
[Result "0-1"]
[WhiteElo "1863"]
[BlackElo "1972"]
[PlyCount "60"]
[EventDate "2021.??.??"]
[WhiteTeam "Dortmunder SV 1"]
[BlackTeam "SF Essen-Katernberg  3"]

1. d4 Nf6 2. c4 e6 3. Nf3 Bb4+ 4. Bd2 Qe7 5. a3 Bxd2+ 6. Nbxd2 d6 7. e4 Nc6 8.
Bd3 a5 9. Qc2 e5 10. Qc3 O-O 11. d5 Nb8 12. b4 axb4 13. axb4 Rxa1+ 14. Qxa1 Nh5
15. Qb1 Nf4 16. O-O Na6 17. Bc2 Qf6 18. Re1 Bg4 19. Re3 Qg6 20. g3 Nh3+ 21. Kg2
Qf6 22. Rb3 Ng5 23. Nxg5 Qxg5 24. Qe1 Qh5 25. h4 Bd7 26. Bd1 Qg6 27. Qe3 f5 28.
exf5 Qxf5 29. Nf3 Ba4 30. Bc2 Qxc2 0-1

[Event "Dortmunder SV 1 - SF Essen-Katernberg  "]
[Site "Verbandsliga - Gruppe 1 2021/"]
[Date "2021.11.14"]
[Round "2.5"]
[White "Nautsch, Werner"]
[Black "Kantor, Daniel"]
[Result "1-0"]
[WhiteElo "1937"]
[BlackElo "1868"]
[PlyCount "95"]
[EventDate "2021.??.??"]
[WhiteTeam "SF Essen-Katernberg  3"]
[BlackTeam "Dortmunder SV 1"]

1. f4 d5 2. Nf3 c5 3. d3 Nc6 4. Nc3 Nf6 5. g3 e6 6. Bg2 a6 7. O-O b5 8. e3 Qb6
9. Bd2 a5 10. Kh1 a4 11. Qe2 b4 12. Nd1 Ba6 13. Nf2 c4 14. Ne1 Rd8 15. b3 c3
16. Bc1 Bc5 17. g4 h6 18. Nf3 h5 19. g5 Ng4 20. Nxg4 hxg4 21. Ne5 Nxe5 22. fxe5
Qc7 23. Qxg4 Qxe5 24. Qf4 Qxf4 25. exf4 a3 26. f5 e5 27. f6 gxf6 28. Rxf6 Bc8
29. g6 fxg6 30. Rxg6 e4 31. dxe4 dxe4 32. Bg5 Rd2 33. Bxd2 cxd2 34. Bxe4 Be3
35. Rg2 Ba6 36. Rd1 Rh4 37. Bc6+ Ke7 38. Rgxd2 Bxd2 39. Rxd2 Ke6 40. Kg2 Ke5
41. Kg3 Rh8 42. Rd5+ Ke6 43. Rd4 Rb8 44. h4 Rb6 45. Bf3 Kf6 46. Kf4 Bc8 47. h5
Bf5 48. Be4 1-0

[Event "Dortmunder SV 1 - SF Essen-Katernberg  "]
[Site "Verbandsliga - Gruppe 1 2021/"]
[Date "2021.11.14"]
[Round "2.6"]
[White "Köhler, Eckart"]
[Black "Struck, Lasse"]
[Result "1-0"]
[WhiteElo "1858"]
[BlackElo "1906"]
[PlyCount "59"]
[EventDate "2021.??.??"]
[WhiteTeam "Dortmunder SV 1"]
[BlackTeam "SF Essen-Katernberg  3"]

1. d4 d5 2. Bf4 Nf6 3. e3 c5 4. c3 Nc6 5. Nd2 e6 6. Ngf3 Bd6 7. Bg3 O-O 8. Bd3
b6 9. O-O Bb7 10. Re1 Bxg3 11. hxg3 Rc8 12. dxc5 bxc5 13. e4 Qb6 14. exd5 exd5
15. Bf5 Rb8 16. b3 a5 17. g4 Rfd8 18. g5 Nh5 19. Ne5 Nxe5 20. Bxh7+ Kxh7 21.
Qxh5+ Kg8 22. Rxe5 Re8 23. Rae1 Qc6 24. Re7 Rxe7 25. Rxe7 Rf8 26. Nf3 d4 27. g6
fxg6 28. Qe5 Rf7 29. Qb8+ Bc8 30. Rxf7 1-0

[Event "Dortmunder SV 1 - SF Essen-Katernberg  "]
[Site "Verbandsliga - Gruppe 1 2021/"]
[Date "2021.11.14"]
[Round "2.7"]
[White "Jahrke, Jonas"]
[Black "Kumler, Steffen"]
[Result "1-0"]
[WhiteElo "1821"]
[BlackElo "1703"]
[PlyCount "89"]
[EventDate "2021.??.??"]
[WhiteTeam "SF Essen-Katernberg  3"]
[BlackTeam "Dortmunder SV 1"]

1. Nf3 d5 2. g3 Nf6 3. Bg2 c6 4. O-O Bf5 5. d4 h6 6. c3 e6 7. Qb3 Qb6 8. Qxb6
axb6 9. Nbd2 Nbd7 10. Re1 g5 11. h4 g4 12. Nh2 Bd6 13. e4 dxe4 14. Bxe4 Nxe4
15. Nxe4 Bxe4 16. Rxe4 Nf6 17. Re2 Ra5 18. Be3 Kd7 19. Nf1 Nd5 20. Nd2 b5 21.
a3 f5 22. Nb3 Ra6 23. Rae1 h5 24. Bg5 Re8 25. Kg2 b6 26. f3 Raa8 27. fxg4 fxg4
28. Nc1 Nc7 29. Nd3 Rf8 30. Bf4 Rf5 31. Bxd6 Kxd6 32. Nf4 Re8 33. Re5 Ref8 34.
R1e2 Rxf4 35. gxf4 Nd5 36. Kg3 Nxf4 37. Rf2 Ng6 38. Rxf8 Nxf8 39. Rxh5 Nd7 40.
Rg5 Nf6 41. Rxg4 Nh5+ 42. Kf3 Nf6 43. Rg6 Ke7 44. Rxf6 Kxf6 45. Kf4 1-0

[Event "Dortmunder SV 1 - SF Essen-Katernberg  "]
[Site "Verbandsliga - Gruppe 1 2021/"]
[Date "2021.11.14"]
[Round "2.8"]
[White "Wilms, Christoph"]
[Black "Humkamp, Berthold"]
[Result "1-0"]
[WhiteElo "1724"]
[BlackElo "1737"]
[PlyCount "91"]
[EventDate "2021.??.??"]
[WhiteTeam "Dortmunder SV 1"]
[BlackTeam "SF Essen-Katernberg  3"]

1. e4 e6 2. d4 b6 3. Bd3 Bb7 4. Nf3 c5 5. c3 cxd4 6. cxd4 Bb4+ 7. Nc3 Bxc3+ 8.
bxc3 d6 9. O-O Nd7 10. Re1 Ne7 11. Ba3 Qc7 12. Qb3 a6 13. Qb4 Nc8 14. c4 a5 15.
Qb2 O-O 16. e5 Bxf3 17. gxf3 Rd8 18. Qe2 Rb8 19. f4 Nf8 20. Qg4 Qd7 21. Re3
dxe5 22. Bxf8 Rxf8 23. fxe5 Ne7 24. d5 Ng6 25. Rh3 Qe8 26. d6 f5 27. Qd4 Qc6
28. Re3 Rf7 29. Rb1 Nf8 30. Rb5 Nd7 31. Be2 g5 32. Rg3 Rg7 33. h4 h6 34. hxg5
hxg5 35. Rh3 g4 36. Rh6 Re8 37. Qf4 Nf8 38. Qd4 Rb8 39. c5 Rbb7 40. Bf1 Ng6 41.
Qc4 Nxe5 42. Qxe6+ Nf7 43. Bg2 Qxb5 44. Qc8+ Nd8 45. Qxd8+ Kf7 46. Bd5# 1-0